Building standards threaten further homes slow-down (Record no. 82243)
[ view plain ]
| 000 -LEADER | |
|---|---|
| fixed length control field | 01100cad a22002175a 4500 |
| 001 - CONTROL NUMBER | |
| control field | E149668 |
| 008 - FIXED-LENGTH DATA ELEMENTS--GENERAL INFORMATION | |
| fixed length control field | 100407e20100406xxk 000 0 eng d |
| 035 ## - SYSTEM CONTROL NUMBER | |
| System control number | (Sirsi) u149668 |
| 041 0# - LANGUAGE CODE | |
| Language code of text/sound track or separate title | eng |
| 110 2# - MAIN ENTRY--CORPORATE NAME | |
| Corporate name or jurisdiction name as entry element | Homes for Scotland |
| 245 00 - TITLE STATEMENT | |
| Title | Building standards threaten further homes slow-down |
| Medium | [electronic resource] |
| 260 ## - PUBLICATION, DISTRIBUTION, ETC. | |
| Date of publication, distribution, etc. | 2010 |
| 490 ## - SERIES STATEMENT | |
| Series statement | Homes for Scotland News Release |
| Volume/sequential designation | 6 April 2010 |
| 520 ## - SUMMARY, ETC. | |
| Summary, etc. | Suggests that new Building Standards coming into force on 1 October 2010 (see E149662) will delay the provision of new homes and could mean home buyers have to pay an extra £8 000 for low carbon homes. Emphasises the need to improve the energy efficiency of existing homes, rather than targetting new-builds. |
| 590 ## - LOCAL NOTE (RLIN) | |
| Local note | KA |
| 651 #4 - SUBJECT ADDED ENTRY--GEOGRAPHIC NAME | |
| Geographic name | Scotland |
| Chronological subdivision | 1999- |
| 690 ## - LOCAL SUBJECT ADDED ENTRY--TOPICAL TERM (OCLC, RLIN) | |
| Topical term or geographic name as entry element | PROPERTY-RESIDENTIAL PROPERTY-DOMESTIC RESIDENTIAL PROPERTY-HOUSING |
| 690 ## - LOCAL SUBJECT ADDED ENTRY--TOPICAL TERM (OCLC, RLIN) | |
| Topical term or geographic name as entry element | ENVIRONMENTAL AND LAND CONSULTANCY-SUSTAINABILITY-SUSTAINABLE DEVELOPMENT |
| 856 40 - ELECTRONIC LOCATION AND ACCESS | |
| Uniform Resource Identifier | <a href="https://www.homesforscotland.com/117/article.aspx?Site=1">https://www.homesforscotland.com/117/article.aspx?Site=1</a> |
| Public note | View the news release free of charge at www.homesforscotland.com... |
| 942 ## - ADDED ENTRY ELEMENTS (KOHA) | |
| Suppress in OPAC | 0 |
| Withdrawn status | Lost status | Source of classification or shelving scheme | Damaged status | Not for loan | Home library | Current library | Shelving location | Date acquired | Total Checkouts | Full call number | Barcode | Date last seen | Copy number | Price effective from | Koha item type |
|---|---|---|---|---|---|---|---|---|---|---|---|---|---|---|---|
| Dewey Decimal Classification | Virtual | Virtual | Online | 07/04/2010 | ONLINE PUBLICATION | 149668-2001 | 06/08/2019 | 1 | 06/08/2019 | Journal article |